导出完成 — 

 Restaurant concepts, management, and operations

Đã lưu trong:
书目详细资料
主要作者:  Walker, John R
格式: Sách
语言:Undetermined
出版:  Wiley  2019
主题:
标签: 添加标签
没有标签, 成为第一个标记此记录!
Thư viện lưu trữ: Trung tâm Thư viện - Trường Đại học Công nghiệp TP. Hồ Chí Minh
LEADER 00533nam a2200157Ia 4500
001 UIH_07320
008 231011s9999 xx 000 0 und d
082 |a  647.95 
100 |a  Walker, John R 
245 0 |a  Restaurant concepts, management, and operations 
245 0 |c  Walker, John R 
260 |b  Wiley 
260 |c  2019 
650 |a  Restaurant management; Restaurant operations; Quản lý nhà hàng;  
927 |a Sách 
980 |a Trung tâm Thư viện - Trường Đại học Công nghiệp TP. Hồ Chí Minh